Normal view MARC view
  • Tata Mc Graw Hill

Entry Personal Name

Number of records used in: 7

001 - CONTROL NUMBER

  • control field: 3381

003 - CONTROL NUMBER IDENTIFIER

  • control field: OSt

005 - DATE AND TIME OF LATEST TRANSACTION

  • control field: 20170614101446.0

008 - FIXED-LENGTH DATA ELEMENTS

  • fixed length control field: 170614|| aca||aabn | a|a d

040 ## - CATALOGING SOURCE

  • Original cataloging agency: OSt

100 ## - HEADING--PERSONAL NAME

  • Personal name: Tata Mc Graw Hill

Powered by Koha